000 00553cam a2200193 4500
001 D16019
008 090401t1977 xxu||||| |||| 00| 0 eng d
035 _a(Sirsi) u95227
041 _aeng
050 _a690.23
110 _aRoyal Institution of Chartered Surveyors
_bQuantity Surveyors' Division
_91263
245 _aQuantity Surveyors` 4th Research and Development Forum
260 _bRICS
_c1977
300 _a3 papers
350 _a0
520 _aFiled in box 1977/25. Papers also catalogued separatley.
942 _n0
948 _c04/03/1997
999 _c98357
_d98357